00592nam a2200181 i 4500001000400000100001900004245006500023260003900088650002600127650002100153655003400174700003200208020001500240040000800255041000800263008004100271856009800312bgj1 aBURGESS, Sally10aFirst Certificate Gold /cSally Burgess with Richard Acklam. aHarlow, England :bLongman,c2000. 9aEnglish languagexFCE 9aEnglish language aExaminations, questions, etc.1 aACKLAM, Richard.eco-author a0582344573 cBPK0 aeng s uk f |000 0 eng  uhttp://koha.tu.koszalin.pl/cgi-bin/koha/opac-detail.pl?biblionumber=49300yKatalog online BPK